000 00619nam a2200217 a 4500
001 000025503
005 20260212122153.0
008 110217s1988 dr 000 0 spa d
040 _aDO-SdBNP
_bspa
_cBNPHU
082 _a306.8
_bH471m
100 1 _aHeinsen, Franz
_938463
245 1 0 _aMatrimonio /
_cFranz Heinsen.
260 _aSanto Domingo :
_bTaller,
_c1988.
300 _a108 p. ;
_c20 cm.
504 _aBibliografía: 107-108
590 _aInventariado,2018/DG
650 0 _aMatrimonio
_9797
650 0 _aFamilias
_9795
650 0 _aRelaciones familiares
_9801
910 _aValidado. Control de calidad MFF
999 _c24995
_d24995